00811nam a2200205 a 450000100100000000500170001000800410002702000180006804000250008610000370011124500910014826000610023930000210030049000310032170000460035271000470039883000380044595201050048399900170058800004213320201002035947.0131114s2009 gt 000 0 spa d a9789992212752 aDO-SdBNPbspacBNPHU1 aMonteforte Toledo, Mario.96911510aLos desencontrados /cMario Monteforte Toledo; edición José Luis Perdomo Orellana. aGuatemala :bFundación Maria Monteporte Toledo,c2009. a229 p. ;c22 cm.1 aMario Monteforte Toledov81 aPerdomo Orellana, José Luiseed.9691162 aFundación Maria Monteporte Toledo969117 0aMario Monteforte Toledov8969118 001050718MOaGRbGRcCTd2013-11-14iLF1l0o p42133-10r2020-06-25w2020-06-25y1ZNo se presta c41622d41622